000 00553 a2200181 4500
001 75979
005 20260318155447.0
090 _a75979
100 _a20260318d1973 a||y0pory50 ba
101 0 _apor
102 _aPT
200 1 _aMulherzinhas
_fHugo Staff; ant. bibliog Louisa May Alcott, 1832-1888. trad.
_gilust. Jill
_gtrad. Albertina Rocha de Macedo
210 _aLisboa
_cDidc̀tica
_d1973
215 _a 58, [2] p.
_cil
304 _aTt̕ulo original: Little Women
606 _aLiteratura juvenil
_92126
675 _a821.111(73)-31
_vBN
_zpor
942 _cMON
_n0